| 000 | 00436nam a22001577a 4500 | ||
|---|---|---|---|
| 020 | _a9788126510962 | ||
| 082 |
_222 _a621.38173 |
||
| 100 | _aMuller, Richard S...[et al.]. | ||
| 245 | _aDevice electronics for integrated circuits / | ||
| 250 | _a3rd. | ||
| 260 |
_aNew Delhi, _bWiley and Sons, _cc2012. |
||
| 300 |
_axviii, 528p. ; _bill. ; _c24 cm. |
||
| 700 | _aKamins, Theodore T. | ||
| 700 | _aand Chan, Mansum. | ||
| 942 |
_2ddc _cEE _01 |
||
| 999 |
_c984 _d984 |
||